MARC

LEADER 00000nam0a2200000 4500
001 40192
005 20231031012358.0
035 |a (RuTPU)RU\TPU\book\41215 
090 |a 40192 
100 |a 20020429d1967 k y0rusy50 ca 
101 1 |a rus  |c eng 
102 |a RU 
105 |a a z 001zy 
200 1 |a Основные принципы планирования эксперимента  |e пер. с англ.  |f Ч. Р. Хикс 
210 |a Москва  |c Мир  |d 1967 
215 |a 406 с.  |c ил. 
320 |a Библиогр.: с. 360-362. 
320 |a Предм. указ.: с. 400-402. 
610 1 |a математика 
610 1 |a эксперименты 
610 1 |a планирование эксперимента 
610 1 |a методы 
610 1 |a примеры 
610 1 |a математическая статистика 
610 1 |a однофакторные эксперименты 
610 1 |a факторные эксперименты 
610 1 |a библиотека А. Г. Стромберга 
675 |a 519.2  |v 3 
700 1 |a Хикс  |b Ч. Р.  |g Чарльз Р. 
702 1 |a Налимов  |b В. В.  |4 340 
801 1 |a RU  |b 63413507  |c 20020429  |g PSBO 
801 2 |a RU  |b 63413507  |c 20220912  |g PSBO 
900 |a Математические методы планирования и обработки результатов 
900 |a Методы и средства исследования 
942 |c BK